[Event "Viking Challenge"]
[Site "SchemingMind.com"]
[Date "2015.03.12"]
[Round "-"]
[White "Scooter"]
[Black "The Stonewall"]
[Result "0-1"]
[WhiteCountry "USA"]
[BlackCountry "ENG"]
[WhiteElo "1708"]
[WhiteRD "44"]
[BlackElo "2251"]
[BlackRD "87"]
[GameID "376392"]

1. e4 d5 2. exd5 Nf6 3. Bc4 Nxd5 4. Bxd5 Qxd5 5. Nf3 Bg4 6. d3 Nc6 7. Nbd2 O-O-O 8. O-O e6 9. h3 Bh5 10. a3 Be7
11. Qe1 h6 12. Qe3 Bc5 13. Qe4 Qd7 14. Nb3 f5 15. Qh4 Bxf3 16. Nxc5 Qd6 17. Nxb7 Kxb7 18. gxf3 Nd4 19. Qg3 Ne2+
0-1

[Event "Viking Challenge"]
[Site "SchemingMind.com"]
[Date "2015.03.12"]
[Round "-"]
[White "The Stonewall"]
[Black "michel"]
[Result "0-1"]
[WhiteCountry "ENG"]
[BlackCountry "CAN"]
[WhiteElo "2264"]
[WhiteRD "86"]
[BlackElo "2355"]
[BlackRD "59"]
[GameID "376393"]

1. e4 d5 2. Nc3 dxe4 3. Nxe4 Bf5 4. Ng3 Bg6 5. d4 Nf6 6. Nf3 e6 7. c3 Nbd7 8. Qb3 h5 9. Nh4 Bh7 10. Qxb7 Rb8
11. Qxa7 Nd5 12. Nf3 h4 13. Ne2 Bd6 14. Qa6 O-O 15. a4 Re8 16. a5 e5 17. Qc4 exd4 18. Qxd5 Nc5 19. Kd1 Nd3 20. Ng5 Nxf2+
21. Ke1 Nd3+ 22. Kd1 Bg6 23. Nh3 dxc3 24. bxc3 Nb2+ 25. Bxb2 Rxb2
0-1

[Event "Viking Challenge"]
[Site "SchemingMind.com"]
[Date "2015.03.12"]
[Round "-"]
[White "michel"]
[Black "The Stonewall"]
[Result "1-0"]
[WhiteCountry "CAN"]
[BlackCountry "ENG"]
[WhiteElo "2369"]
[WhiteRD "60"]
[BlackElo "2244"]
[BlackRD "82"]
[GameID "376394"]

1. e4 d5 2. exd5 Qxd5 3. Nc3 Qa5 4. d4 Nf6 5. Bc4 c6 6. Bd2 Bf5 7. Qf3 Bxc2 8. Rc1 Qf5 9. Qe2 Nbd7 10. Nf3 Nb6
11. Nh4 Qh5 12. Qxh5 Nxh5 13. Bxf7+ Kxf7 14. Rxc2 e6 15. Nf3 Bb4 16. Ne4 Nd5 17. O-O Ke7 18. Re1 Rhf8 19. Bxb4+ Nxb4 20. Rc3 a5
21. Rb3 Rab8 22. a3 Nc2 23. Rd1 Nf4 24. Ng3 Nd5 25. Rbd3 c5 26. dxc5 Rbc8 27. Ne4 Rf4 28. Nfd2 Nf6 29. f3 Rf5 30. Nd6 Rfxc5
31. Nb3 b6 32. Rc1 R8c7 33. Nxc5 Rxc5 34. Rd2
1-0

[Event "Viking Challenge"]
[Site "SchemingMind.com"]
[Date "2015.03.12"]
[Round "-"]
[White "The Stonewall"]
[Black "kenneth m day"]
[Result "1-0"]
[WhiteCountry "ENG"]
[BlackCountry "USA"]
[WhiteElo "2244"]
[WhiteRD "82"]
[BlackElo "1769"]
[BlackRD "52"]
[GameID "376395"]

1. e4 d5 2. Nc3 dxe4 3. Nxe4 e5 4. Bc4 Nf6 5. Ng5 Be6 6. Nxe6 fxe6 7. Bxe6 Qd6 8. Bh3 Nbd7 9. Nf3 O-O-O 10. O-O Re8
11. d3 Kb8 12. Be3 h6 13. Bf5 Nd5 14. Re1 N7f6 15. Bd2 g5 16. Qe2 Bg7 17. Nxe5 a6 18. d4 g4 19. Qd3 h5 20. Nf7 Rxe1+
21. Rxe1 Qb6 22. Nxh8 Bxh8 23. c4 Nb4 24. Qe3 Nc2 25. Qh6 Nxe1 26. Qxh8+
1-0

[Event "Viking Challenge"]
[Site "SchemingMind.com"]
[Date "2015.03.12"]
[Round "-"]
[White "kenneth m day"]
[Black "The Stonewall"]
[Result "0-1"]
[WhiteCountry "USA"]
[BlackCountry "ENG"]
[WhiteElo "1769"]
[WhiteRD "52"]
[BlackElo "2244"]
[BlackRD "82"]
[GameID "376396"]

1. e4 d5 2. exd5 Nf6 3. c4 c6 4. Nc3 cxd5 5. d4 Nc6 6. cxd5 Nxd5 7. Bc4 Nb6 8. Bb3 Qxd4 9. Be3 Qb4 10. Ne2 Bf5
11. O-O e6 12. Rc1 Rd8 13. Qe1 Be7 14. Bd2 Nc4 15. Rd1 Nxb2 16. Nd5 Qe4 17. Nec3 Qxe1 18. Nc7+ Kd7 19. Rdxe1 Kxc7 20. Nb5+ Kb6
21. Be3+ Kxb5 22. Rc1 Bd3 23. Rfe1 Bb4
0-1

[Event "Viking Challenge"]
[Site "SchemingMind.com"]
[Date "2015.03.12"]
[Round "-"]
[White "The Stonewall"]
[Black "John Galvin"]
[Result "1-0"]
[WhiteCountry "ENG"]
[BlackCountry "USA"]
[WhiteElo "2229"]
[WhiteRD "78"]
[BlackElo "2339"]
[BlackRD "80"]
[GameID "376397"]

1. e4 d5 2. Nc3 dxe4 3. Nxe4 Nc6 4. Nf3 Nf6 5. Nxf6+ exf6 6. d4 Bd6 7. Bc4 O-O 8. O-O Re8 9. c3 Bg4 10. Be3 Qd7
11. Re1 Ne7 12. h3 Bf5 13. Qb3 Ng6 14. a4 a6 15. Bd2 c6 16. d5 Be4 17. dxc6 bxc6 18. Qd1 c5 19. Be3 Qc7 20. Bd2 Rad8
21. Bxa6 Bh2+ 22. Nxh2
1-0

[Event "Viking Challenge"]
[Site "SchemingMind.com"]
[Date "2015.03.12"]
[Round "-"]
[White "John Galvin"]
[Black "The Stonewall"]
[Result "1-0"]
[WhiteCountry "USA"]
[BlackCountry "ENG"]
[WhiteElo "2338"]
[WhiteRD "78"]
[BlackElo "2216"]
[BlackRD "75"]
[GameID "376398"]

1. e4 d5 2. exd5 Qxd5 3. Nc3 Qa5 4. d4 c6 5. Nf3 Bf5 6. Bd3 Bxd3 7. Qxd3 Nf6 8. O-O e6 9. Ne5 Nbd7 10. Qg3 Nxe5
11. dxe5 Nd5 12. Bd2 O-O-O 13. Rfd1 h6 14. h3 Qc7 15. Nxd5 cxd5 16. Be3 g5 17. c4 dxc4 18. Rxd8+ Kxd8 19. Rc1 Bg7 20. Bd4 Kc8
21. b3 b5 22. Qe3 Rd8 23. a4 Rxd4 24. Qxd4 Bxe5 25. Qe4 Bf4 26. Rd1 Kb8 27. bxc4 Qxc4 28. Rd8+ Kc7 29. Qxc4+ bxc4 30. Rd4 c3
31. Rc4+ Kd6 32. Rxc3 Be5 33. Rc8 a5 34. Kf1 Kd5 35. Ke2 h5 36. Kd3 h4 37. Ra8 Bc7 38. Rf8 f5 39. Rg8 Bf4 40. Rg7 Kc6
41. Re7 Kd5 42. Ra7
1-0

[Event "Viking Challenge"]
[Site "SchemingMind.com"]
[Date "2015.03.12"]
[Round "-"]
[White "DHall"]
[Black "The Stonewall"]
[Result "0-1"]
[WhiteCountry "ENG"]
[BlackCountry "ENG"]
[WhiteElo "1899"]
[WhiteRD "65"]
[BlackElo "2264"]
[BlackRD "86"]
[GameID "376400"]

1. e4 d5 2. exd5 Qxd5 3. Nc3 Qa5 4. d4 Nf6 5. Nf3 c6 6. Bc4 Bf5 7. Bd2 e6 8. Qe2 Bb4 9. a3 Nbd7 10. O-O-O Bxc3
11. Bxc3 Qc7 12. Ne5 O-O 13. h4 Rfd8 14. Bb3 Be4
0-1